000 00649nam a2200241Ia 4500
003 OSt
005 20221007064821.0
006 a|||||r|||| 00| 0
007 ta
008 221006b |||||||| |||| 00| 0 eng d
024 _a23,657
037 _cTextual
040 _aFLL
_cFLL
_beng
041 _2eng
_aeng
082 _aZ2,9298, N4
100 _aDevi P. Hemalatha
_9686311
245 0 _aAdministrative discretion and judicial review
250 _a1st
260 _aDelhi
_bMittal Publications India
_c1994
300 _ax,260p
_ccm.
942 _hZ2,9298, N4
_cTEXL
_2CC
999 _c1135430
_d1135430